000 04054nam0a2200469 4500
001 RU\NLR\BIBL_A\012646333
005 20250409144702.0
010 _a978-5-6045592-4-6
_9500
021 _aRU
_bКН-П-21-044439
_9КН-П-21-3504
035 _a(NLR Aleph) 012646333
090 _a12712049
_c12712049
100 _a20211119d2021 k y0rusy50 ca
101 0 _arus
_aeng
102 _aRU
105 _aac z 100zy
181 0 _ai3
_baxxe
182 0 _an
200 1 _aНаука и практика в медицине
_eсборник материалов всероссийского образовательного форума, Благовещенск, 24-26 марта 2021 г.
_fМинистерство здравоохранения Российской Федерации, Федеральное государственное бюджетное образовательное учреждение высшего образования "Амурская государственная медицинская академия" [и др.]
_gредакционная коллегия: ... Ходус Сергей Васильевич - кандидат медицинских наук, доцент (отв. редактор) [и др.]
203 _aТекст
_bвизуальный
_cнепосредственный
210 _aБлаговещенск
_cАмурская ГМА
_d2021
215 _a174 с.
_cил., портр., табл.
_d21
300 _aЧасть текста парал. рус., англ.
320 _aБиблиогр. в конце ст.
327 1 _aВ сб. также материалы конференций, проходивших в рамках форума, заглавия которых указаны в содержании и тексте книги и отображены в добавочных записях коллективного автора
606 1 _aМедицинское образование
_xИнновации
_jСъезды, совещания и т.п
_2nlr_sh2
_3RU\NLR\AUTH\6601573348
606 1 _aМедицина
_jСъезды, совещания и т.п
_2nlr_sh1
_2nlr_sh2
_3RU\NLR\AUTH\662895
606 1 _aСимуляционное обучение
_xПрименение в медицине
_jСъезды, совещания и т.п
_2nlr_sh2
_3RU\NLR\AUTH\6601540097
686 1 _aР.я431(2)31
686 1 _aР.с5я431(2)31
686 1 _aЧ458.912я431
702 1 _aХодус
_bС. В.
_gСергей Васильевич
_4340
711 1 2 _a"Наука и практика в медицине", всероссийский образовательный форум
_f2021
_eБлаговещенск
_3RU\NLR\AUTH\880556117
711 1 2 _a"Проблемы и перспективы симуляционного обучения", всероссийская научно-практическая конференция
_d4
_f2021
_eБлаговещенск
_3RU\NLR\AUTH\880556122
711 1 2 _a"Проблемы интенсивной терапии критических состояний", научно-практическая конференция
_f2021
_eБлаговещенск
_3RU\NLR\AUTH\880556126
711 1 2 _aОлимпиада по практическим медицинским навыкам среди студентов медицинских вузов
_d4
_f2021
_eБлаговещенск
_3RU\NLR\AUTH\880556127
711 1 2 _a"Специалист медицинского симуляционного обучения", обучающий семинар
_f2021
_eБлаговещенск
_3RU\NLR\AUTH\880556128
712 0 2 _aАмурская государственная медицинская академия
_cБлаговещенск
_3RU\NLR\AUTH\8810052925
_4557
942 _cBOOK
980 _aNB